000 004580000a22001810004500
003 MACL
005 20160110174031.0
008 160110b xxu||||| |||| 00| 0 eng d
040 _aMACL
_cMACL
041 _aEnglish
082 _a923.2/BHA
100 _aBhattacharyya, S N
_931134
245 _aMahatma Gandhi The journalist
260 _bAsia Publishing House
_c1965
_aBombay
350 _a16
650 _aBiography
_931135
942 _cBK
_k923.2/BHA
_2ddc
999 _c36303
_d36303